Cherry Sheila Hughes v Borodex Limited (Record no. 81469)
[ view plain ]
| 000 -LEADER | |
|---|---|
| fixed length control field | 02085cad a22002535a 4500 |
| 001 - CONTROL NUMBER | |
| control field | L147293 |
| 008 - FIXED-LENGTH DATA ELEMENTS--GENERAL INFORMATION | |
| fixed length control field | 090427e20090325xxk f v 000 0 eng d |
| 035 ## - SYSTEM CONTROL NUMBER | |
| System control number | (Sirsi) u147293 |
| 041 0# - LANGUAGE CODE | |
| Language code of text/sound track or separate title | eng |
| 245 04 - TITLE STATEMENT | |
| Title | Cherry Sheila Hughes v Borodex Limited |
| Medium | [electronic resource] |
| 260 ## - PUBLICATION, DISTRIBUTION, ETC. | |
| Date of publication, distribution, etc. | 2009 |
| 520 ## - SUMMARY, ETC. | |
| Summary, etc. | [2009] EWHC 565 (Admin), 25 March 2009. The case turns around a determination of rent and the loss of protection on assured tenancy. Cherry Sheila Hughes (H) appealed against a decision of the rent assessment committee on the amount of rent payable to Borodex Limited (B). H had a long lease with B. In 2003 the long residential tenancy ended and was replaced by an assured periodic tenancy under the Local Government and Housing Act 1989. No agreement on the rent payable was reached and the decision was taken, in H's favour, by disregarding improvements carried out by her. In 2007 she made another application to the Rent Assessment Committee. It determined her rent at more than £25 000 per annum. As a result, her rent would not be classified as an assured tenancy any more. The Committee concluded that the sums for improvements are disregarded for a year. "Held": Appeal dismissed. When an initial reference to a Rent Assessment Committee is made after creation of an assured tenancy, a tenant can rely upon the provisions of the 1989 Act. Any following application would be made under the 1988 Act S13(4). H could therefore not take advantage of the provisions of the 1989 Act. |
| 590 ## - LOCAL NOTE (RLIN) | |
| Local note | KA |
| 650 24 - SUBJECT ADDED ENTRY--TOPICAL TERM | |
| Topical term or geographic name entry element | CHERRY SHEILA HUGHES V BORODEX LIMITED |
| 650 24 - SUBJECT ADDED ENTRY--TOPICAL TERM | |
| Topical term or geographic name entry element | TRUSTEES OF HENRY SMITHS CHARITY V HEMMINGS |
| 650 24 - SUBJECT ADDED ENTRY--TOPICAL TERM | |
| Topical term or geographic name entry element | EAST COAST AMUSEMENT V BRITISH TRANSPORT BOARD |
| 650 24 - SUBJECT ADDED ENTRY--TOPICAL TERM | |
| Topical term or geographic name entry element | INCO EUROPE LTD V FIRST CHOICE DISTRIBUTION |
| 650 24 - SUBJECT ADDED ENTRY--TOPICAL TERM | |
| Topical term or geographic name entry element | LOCAL GOVERNMENT AND HOUSING ACT 1989 |
| 650 24 - SUBJECT ADDED ENTRY--TOPICAL TERM | |
| Topical term or geographic name entry element | HOUSING ACT 1988 |
| 651 #4 - SUBJECT ADDED ENTRY--GEOGRAPHIC NAME | |
| Geographic name | England and Wales |
| Chronological subdivision | 1543- |
| 690 ## - LOCAL SUBJECT ADDED ENTRY--TOPICAL TERM (OCLC, RLIN) | |
| Topical term or geographic name as entry element | PROPERTY-LANDLORD AND TENANT-TENANCIES-TENANCY RENT REVIEW |
| 856 40 - ELECTRONIC LOCATION AND ACCESS | |
| Uniform Resource Identifier | <a href="https://www.bailii.org/ew/cases/EWHC/Admin/2009/565.html">https://www.bailii.org/ew/cases/EWHC/Admin/2009/565.html</a> |
| Public note | View the case free of charge at www.bailli.org... |
| 942 ## - ADDED ENTRY ELEMENTS (KOHA) | |
| Suppress in OPAC | 0 |
| Withdrawn status | Lost status | Source of classification or shelving scheme | Damaged status | Not for loan | Home library | Current library | Shelving location | Date acquired | Total Checkouts | Full call number | Barcode | Date last seen | Copy number | Price effective from | Koha item type |
|---|---|---|---|---|---|---|---|---|---|---|---|---|---|---|---|
| Dewey Decimal Classification | Virtual | Virtual | Online | 27/04/2009 | ONLINE JUDGMENT | 147293-2001 | 06/08/2019 | 1 | 06/08/2019 | Law report |